| 000 | 00396nam a22001697a 4500 | ||
|---|---|---|---|
| 999 |
_c3298 _d3297 |
||
| 005 | 20211112160920.0 | ||
| 008 | 160620b xxu||||| |||| 00| 0 eng d | ||
| 020 | _a0-07-4623591 | ||
| 041 | _aeng | ||
| 082 | _b8574 | ||
| 100 |
_aRao, T.V and others _92332 |
||
| 245 | _aHRD in the New Economic Environment | ||
| 260 |
_bTMH _c1995 |
||
| 300 | _a436 | ||
| 650 |
_aManagement _9241 |
||
| 942 | _cBK | ||